Country Shapes Revealing Country Shapes #2 - Statistics

General Stats
  • This quiz has been taken 62,238 times
  • The average score is 16 of 21
Answers on the Map
Answers color-coded by a green-red scale on the quiz's map according to % correct below.
 
Answer Stats
Answer % Correct
Chile
98%
Italy
98%
Mexico
95%
Spain
94%
Iceland
93%
Vietnam
93%
Morocco
92%
Turkey
91%
Papua New Guinea
88%
Ukraine
81%
Namibia
80%
D.R. Congo
77%
Gambia
77%
Angola
75%
Taiwan
71%
Switzerland
63%
Syria
58%
Gabon
56%
Singapore
47%
Antigua and Barbuda
46%
Samoa
37%
No matching quizzes found
Score Distribution
Percent of People with Each Score
Percentile by Number Answered
Your Score History
You have not taken this quiz